000 00406nam a2200181Ia 4500
001 460
005 20260306140519.0
008 260306t2007||||xx |||||||||||||| ||spa||
041 _aESP
082 _a121
_bE61
100 _aEngel, Pascal
_eAUT
245 2 _aA cosa serve la veritĂ ?
260 _c2007
300 _a90 páginas :
_c17 cm.
650 _aGEN
654 _aCHU
942 _cLIB
_dJUS
_fJUS
_2ddc
_n
999 _c460
_d460